[Event "Bled op-B"]
[Site "Bled"]
[Date "1998.??.??"]
[Round "4"]
[White "Krek, Janez"]
[Black "Djoc, Goran"]
[Result "0-1"]
[WhiteElo "2095"]
[BlackElo "1850"]
[PlyCount "80"]
[EventDate "1998.03.21"]
[EventType "swiss"]
[EventRounds "9"]
[EventCountry "SLO"]
[SourceTitle "EXT 1999"]
[Source "ChessBase"]
[SourceDate "1998.11.16"]
[SourceVersion "1"]
[SourceVersionDate "1998.11.16"]
[SourceQuality "1"]

1. e4 e6 2. d4 d5 3. Nc3 Nf6 4. e5 Nfd7 5. Nce2 c5 6. c3 Qb6 7. a3 c4 8. Rb1 Bxa3 9. Qc2 Be7 10. b3 cxb3 11. Rxb3 Qc7 12. Ng3 Nxe5 13. dxe5 Qxe5+ 14. Be2 0-0 15. Nf3 Qc7 16. 0-0 Bd7 17. Bd3 Ba4 18. Rxb7 Bxc2 19. Rxc7 Bxd3 20. Rxe7 Bxf1 21. Kxf1 Nc6 22. Rd7 Rfd8 23. Rc7 Rac8 24. Bf4 Rxc7 25. Bxc7 Rd7 26. Bf4 a5 27. Ne5 Nxe5 28. Bxe5 a4 29. Ne2 Rb7 30. f4 a3 31. c4 a2 32. cxd5 exd5 33. Kf2 Rb1 34. g4 a1Q 35. Bxa1 Rxa1 36. Nc3 d4 37. Nb5 Ra2+ 38. Kf3 d3 39. Ke3 Rxh2 40. Kxd3 Rh4 0-1

[Event "Bled op-B"]
[Site "Bled"]
[Date "1998.??.??"]
[Round "6"]
[White "Skok, Boris"]
[Black "Djoc, Goran"]
[Result "0-1"]
[WhiteElo "2140"]
[BlackElo "1850"]
[PlyCount "104"]
[EventDate "1998.03.21"]
[EventType "swiss"]
[EventRounds "9"]
[EventCountry "SLO"]
[SourceTitle "EXT 1999"]
[Source "ChessBase"]
[SourceDate "1998.11.16"]
[SourceVersion "1"]
[SourceVersionDate "1998.11.16"]
[SourceQuality "1"]

1. d4 f5 2. c4 Nf6 3. Nf3 g6 4. g3 Bg7 5. Bg2 0-0 6. 0-0 d6 7. Nc3 Qe8 8. d5 a5 9. Nb5 Na6 10. Ng5 e5 11. dxe6 Bxe6 12. Nxe6 Qxe6 13. Bxb7 Qxc4 14. Na3 Qf7 15. Bxa8 Rxa8 16. Be3 Nb4 17. Bd4 c5 18. Bc3 d5 19. e3 Qe6 20. Nc2 Qe4 21. Ne1 h5 22. a3 Nc6 23. Qd3 Qe6 24. Nf3 Ne4 25. Bxg7 Kxg7 26. h4 Ne5 27. Nxe5 Qxe5 28. Kg2 Nf6 29. Qc3 d4 30. exd4 cxd4 31. Qc6 Qe4+ 32. Qxe4 fxe4 33. Rfd1 Rd8 34. Rac1 Rd5 35. Rc4 d3 36. Rd2 Kf7 37. Rc3 Rf5 38. b4 axb4 39. axb4 Ng4 40. Rc7+ Ke6 41. Ra2 Kd6 42. Rg7 Ne5 43. Rg8 Kd5 44. Rc8 Nc4 45. Rc5+ Kd4 46. Rxf5 gxf5 47. Kf1 e3 48. fxe3+ Kxe3 49. Ke1 d2+ 50. Kd1 Kd3 51. Rxd2+ Nxd2 52. Ke1 Ke3 0-1